000
00325nam a22001457a 4500
008
230718b ||||| |||| 00| 0 eng d
020
_a
9780534643713
041
_a
eng
080
_a
311
082
_a
311JAC
100
_a
24
101
_a
STSC
245
_a
STATISTICS PLAIN AND SIMPLE
_c
JACKSON .L .SH
942
_2
udc
_c
BK
999
_c
60153
_d
60153